Sports Quiz

Random Sports or Football Quiz
Score 0/66 Timer 13:00
0 Plays Today
Year(s) Player % Correct
1980-82Herschel Walker
92.8%
2008Knowshon Moreno
86.9%
2002-04David Pollack
77.7%
1998Champ Bailey
72.5%
2002Boss Bailey
71.8%
2004Thomas Davis
67.2%
1992Garrison Hearst
63.3%
1983-84Kevin Butler
59.3%
2002Jon Stinchcomb
58%
1997-98Matt Stinchcomb
57.4%
2005Greg Blue
56.1%
1994Eric Zeier
53.8%
2003Sean Jones
52.1%
1960Fran Tarkenton
50.2%
1941-42Frank Sinkwich
49.8%
1946Charley Trippi
48.2%
2000Richard Seymour
43%
1931Vernon Catfish Smith
39.7%
1971Royce Smith
39.7%
1968Jake Scott
39.3%
2005Max Jean-Gilles
35.4%
1982-82Terry Hoage
32.1%
1988Tim Worley
30.5%
1975Randy Johnson
28.2%
1979-80Rex Robinson
27.5%
1946Herb St. John
26.6%
1980Scott Woerner
24.6%
1968Bill Stanfill
23.9%
1947Dan Edwards
16.7%
1964Jim Wilson
16.4%
1976Mike Wilson
16.4%
1983Freddie Gilbert
14.8%
1959-60Pat Dye
14.4%
Year(s) Player % Correct
1913Bob McWhorter
14.1%
1948John Rauch
12.8%
1985Peter Anderson
12.8%
1982Jimmy Payne
12.5%
1984Jeff Sanchez
12.5%
1988Troy Sadowski
12.5%
1937Bill Hartman
12.1%
1965George Patton
11.8%
1976Allan Leavitt
11.8%
1952-53Zeke Bratkowski
11.5%
1976Ben Zambiasi
10.5%
1977Bill Krug
8.9%
1986John Little
8.9%
1976Joel Parrish
8.2%
1969-70Tommy Lyons
7.9%
1953Johnny Carson
7.5%
1964Ray Rissmiller
7.2%
1977George Collins
6.9%
1927Tom Nash
6.6%
1966Lynn Hughes
6.6%
1969Steve Greer
6.6%
1942George Poschner
6.2%
1922-23Joe Bennett
5.2%
1952Harry Babcock
5.2%
1945Mike Castronis
4.6%
1975Craig Hertwig
4.6%
1914David Paddock
4.3%
1966-67Edgar Candler
3.9%
1927Chuck Shiver
3.6%
1930Red Maddox
3.6%
1930Herb Maffett
3.3%
1935John Bond
3.3%
1986Wilbur Strozier
3.3%
Remove Ads.
Support Sporcle.
Get the best of Sporcle when you Go Orange. This ad-free experience offers more features, more stats, and more fun while also helping to support Sporcle. Thank you for becoming a member.

You're not logged in!

Compare scores with friends on all Sporcle quizzes.
OR
Log In

Show Comments

Extras

Top Quizzes Today


Score Distribution

Your Account Isn't Verified!

In order to create a playlist on Sporcle, you need to verify the email address you used during registration. Go to your Sporcle Settings to finish the process.

Report this User

Report this user for behavior that violates our Community Guidelines.

Details: